000 00343nam a22001337a 4500
999 _c15688
_d15688
003 OSt
008 190528b ||||| |||| 00| 0 eng d
020 _a9788126563609
082 _a664
_bNIN/ME
245 _aMeat Inspection and Control in the Slaughterhouse
260 _aNew Delhi
_bWiley India Pvt.Ltd
_c2014
300 _a698 p.
942 _cBK